<?xml version="1.0" encoding="UTF-8"?><?xml-stylesheet type="text/xsl" href="static/style.xsl"?><OAI-PMH xmlns="http://www.openarchives.org/OAI/2.0/" xmlns:xsi="http://www.w3.org/2001/XMLSchema-instance" xsi:schemaLocation="http://www.openarchives.org/OAI/2.0/ http://www.openarchives.org/OAI/2.0/OAI-PMH.xsd"><responseDate>2026-04-17T12:59:24Z</responseDate><request verb="GetRecord" identifier="oai:www.recercat.cat:2099.1/11966" metadataPrefix="marc">https://recercat.cat/oai/request</request><GetRecord><record><header><identifier>oai:recercat.cat:2099.1/11966</identifier><datestamp>2025-07-23T04:31:16Z</datestamp><setSpec>com_2072_1033</setSpec><setSpec>col_2072_452951</setSpec></header><metadata><record xmlns="http://www.loc.gov/MARC21/slim" xmlns:dcterms="http://purl.org/dc/terms/" xmlns:xsi="http://www.w3.org/2001/XMLSchema-instance" xmlns:doc="http://www.lyncode.com/xoai" xsi:schemaLocation="http://www.loc.gov/MARC21/slim http://www.loc.gov/standards/marcxml/schema/MARC21slim.xsd">
   <leader>00925njm 22002777a 4500</leader>
   <datafield ind2=" " ind1=" " tag="042">
      <subfield code="a">dc</subfield>
   </datafield>
   <datafield ind2=" " ind1=" " tag="720">
      <subfield code="a">Molinos Prieto, Jose Antonio</subfield>
      <subfield code="e">author</subfield>
   </datafield>
   <datafield ind2=" " ind1=" " tag="260">
      <subfield code="c">2011-05-09</subfield>
   </datafield>
   <datafield ind2=" " ind1=" " tag="520">
      <subfield code="a">Este documento es el resultado de un amplio y detallado estudio sobre las Soluciones de Movilidad directamente aplicadas en el ámbito universitario.&#xd;
El objetivo principal es posicionar a este campus en uno de los más prometedores en la villa tecnológica del estado español y ponerlo al nivel del resto de Europa.&#xd;
En este Plan de Movilidad valoraremos las posibilidades de las diferentes tecnologías del mercado Móvil y la posterior implantación de las soluciones, para conseguir dar cobertura a las necesidades diarias de nuestro Campus Universitario.&#xd;
Con este objetivo, se pretende desarrollar mediante el uso del canal móvil acciones de comunicación segmentadas que permitan incrementar la sensación de bien estar y calidad de vida del usuario de los servicios del Campus. Desarrollar un canal de comunicación bidireccional que permita obtener información específica a los estudiantes y el resto de personal existente en el Campus.&#xd;
Como metodología realizaremos un estudio que demuestre los servicios susceptibles de ser movilizados, que tienen la aceptación y su necesidad de ser implantados en el Campus.&#xd;
Se pretende llegar a este fin mediante un conocimiento del medio tecnológico y cruzándolo con las encuestas realizadas a Estudiantes, Profesores y Departamentos.&#xd;
Para completar este Diseño del Plan de Movilidad analizamos en profundidad cada una de las técnicas Tecnológicas a utilizar, segmentándolas por necesidad, utilización, integración, implementación y presupuesto.&#xd;
Todo ello basado en una amplia recopilación bibliográfica y una experiencia de más de 3 años en el Mercado de la Movilidad, que ha ayudado a adquirir unos conocimientos avanzados de los temas tratados en el Plan de Movilidad.</subfield>
   </datafield>
   <datafield tag="653" ind2=" " ind1=" ">
      <subfield code="a">Àrees temàtiques de la UPC::Enginyeria de la telecomunicació::Radiocomunicació i exploració electromagnètica::Comunicacions mòbils</subfield>
   </datafield>
   <datafield tag="653" ind2=" " ind1=" ">
      <subfield code="a">Mobile communication systems</subfield>
   </datafield>
   <datafield tag="653" ind2=" " ind1=" ">
      <subfield code="a">Personal communication service systems</subfield>
   </datafield>
   <datafield tag="653" ind2=" " ind1=" ">
      <subfield code="a">Servicios y soluciones móviles</subfield>
   </datafield>
   <datafield tag="653" ind2=" " ind1=" ">
      <subfield code="a">Portales móviles</subfield>
   </datafield>
   <datafield tag="653" ind2=" " ind1=" ">
      <subfield code="a">Aplicaciones Nativas</subfield>
   </datafield>
   <datafield tag="653" ind2=" " ind1=" ">
      <subfield code="a">Servicios de Mensajería</subfield>
   </datafield>
   <datafield tag="653" ind2=" " ind1=" ">
      <subfield code="a">Servicios de alertas e incidencias</subfield>
   </datafield>
   <datafield tag="653" ind2=" " ind1=" ">
      <subfield code="a">Comunicacions mòbils, Sistemes de</subfield>
   </datafield>
   <datafield tag="653" ind2=" " ind1=" ">
      <subfield code="a">Missatgeria electrònica</subfield>
   </datafield>
   <datafield ind2="0" ind1="0" tag="245">
      <subfield code="a">Diseño de un plan estratégico de movilidad del Campus del Baix Llobregat.</subfield>
   </datafield>
</record></metadata></record></GetRecord></OAI-PMH>